1661 1316 1319 1113 1399 1045 1378 1451 1716 1011 1674 1698 1882 1062 1843 1026 1425 1706 1864 1921 1604 1276 1821 1322 1388 1331 1247 1544 1168 1788 1942 1515 1157 1110 1039 1283 1997 1625 1287 1353 1281 1737 1714 1657 1887 1894 1259 1194 1630 1437 1335 1313 1279 1148 1886 1241 1186 1695 1259 1783 1798 1974 1086 1473 1472 1385 1629 1137 1636 1474 1787 1688 1694 1874 1736 1098 1334 1590 1240 1136 1972 1520 1219 1509 1943 1376 1699 1704 1447 1345 1234 1716 1516 1990 1368 1469 1646 1941 1646 BCNSPRNW ULIB Ver.6.0+V

เปลี่ยนเป็นภาษาไทย

Change to English
 แสดงรายละเอียดบรรณานุกรม
  กลับหน้าหลัก

Brief Record : Get Marc (ISO 2709) : E-mail record : QR code < ปิดหน้าต่าง
LEADER : 00000nam 2200000uu 4500
001    13399126325
003     ULIB
008    180906s2561||||th 000 0 tha d
020    ^a9786162791260
060  4 ^aWY159^bต367 ล.2
110 1  ^aมหาวิทยาลัยมหิดล. ^bคณะพยาบาลศาสตร์. ^bภาควิชาการพยาบาลกุมารเวชศาสตร์.
245 10 ^aตำราการพยาบาลเด็ก^nเล่ม 2 /^cโดยคณาจารย์ภาควิชาการพยาบาลกุมารเวชศาสตร์ คณะพยาบาลศาสตร์ มหาวิทยาลัยมหิดล ;^cศรีสมบูรณ์ มุสิกสุคนธ์...[และคนอื่นๆ]บรรณาธิการ
250    ^aพิมพ์ครั้งที่ 5 (ฉบับปรับปรุงครั้งที่ 2)
260    ^aกรุงเทพฯ :^bโครงการตำรา คระพยาบาลศาสตร์ มหาวิทยาลัยมหิดล,^c2561
300    ^a619-1219หน้า:^bภาพประกอบ;^c30ซม.
650  0 ^aการพยาบาลกุมารเวชศาสตร์
650  0 ^aเด็ก^xการดูแล
650  0 ^aเด็ก^xการเลี้ยงดู
650  0 ^aทารกแรกเกิด^xการดูแล
700 0  ^aศรีสมบูรณ์ มุสิกสุคนธ์,^eบรรณาธิการ
945    ^p0^l0^i26554
945    ^p0^l0^i26553
999    ^aกัณชพร จุลอักษร
รายการนี้ยังไม่มีแท็ก
คุณยังไม่ได้ล็อกอิน คุณสามารถมีกิจกรรมร่วมกับเว็บไซต์ได้ แต่ต้องล็อกอินก่อน ::
  ล็อกอิน

รายการสื่อสารสนเทศ

ลำดับที่ ประเภท เลขเรียก/บาร์โค้ด สถานที่ สถานะ
1. หนังสือสำรอง
หนังสือสำรอง
WY159 ต367 ล.2 ฉ.1 
  Barcode: 26553
ห้องสมุดวิทยาเขตนครสวรรค์
►หนังสือทั่วไป:l:General Books
ถูกยืม กำหนดส่งวันที่ 19 พฤษภาคม 2569
  จอง
2. วิทยาศาสตร์การแพทย์ และสุขภาพ
วิทยาศาสตร์การแพทย์ และสุขภาพ
WY159 ต367 ล.2 ฉ.2 
  Barcode: 26554
ห้องสมุดวิทยาเขตนครสวรรค์
►หนังสือทั่วไป:l:General Books
ถูกยืม กำหนดส่งวันที่ 15 พฤษภาคม 2569
  จอง

รายการใกล้เคียง
    หัวเรื่อง [การพยาบาลกุมารเวชศาสตร์]
    หัวเรื่อง [เด็ก การดูแล]

BibComment


ยังไม่เคยถูกคอมเมนท์

คอมเมนท์ทรัพยากรรายการนี้
  คอมเมนท์: ตำราการพยาบาลเด็..


 Copyright 2026. Bcnsprnw @Library